000 00863nam a2200253 i 4500
001 bg
245 0 0 _aWspółczesne problemy katastru i gospodarki nieruchomościami /
_cWojciech Wilkowski [et al.].
260 _aWarszawa :
_bOficyna Wydawnicza Politechniki Warszawskiej,
_c2006.
300 _a120 s. :
_bil. (w tym kolor.) ;
_c23 cm.
500 _aStreszcz. ang.
504 _aBibliogr. s. 117-119.
650 9 _aKataster nieruchomości
650 9 _aNieruchomości
_xgospodarka
700 1 _aWILKOWSKI, Wojciech
015 _aPB 14749/2006
020 _a837207609X
040 _cBPK
041 0 _apol
_beng
080 _a332.6/.8:336.226.2
920 _a83-7207-609-X
942 _cKS
008 s pl f |000 0 pol
999 _c51975
_d51975
856 _uhttp://koha.tu.koszalin.pl/cgi-bin/koha/opac-detail.pl?biblionumber=51975
_yKatalog online BPK